Outsourcing personálnych činností v podniku bakalárska práca

Uložené v:
Podrobná bibliografia
Hlavný autor: Vincencová, Lucia
Korporativný autor: Fakulta podnikového manažmentu EU. Katedra manažmentu
Ďalší autori: Nachtmannová, Oľga, 1963-
Médium: Kniha
Jazyk:Slovak
Vydavateľské údaje: Bratislava 2024
Tagy: Pridať tag
Žiadne tagy, Buďte prvý, kto otaguje tento záznam!

MARC

LEADER 00000nbm a2200000 4500
001 0302035
005 20250210094258.5
041 0 |a slo 
044 |a SK 
245 1 0 |a Outsourcing personálnych činností v podniku  |b bakalárska práca  |c Lucia Vincencová ; školiteľ: Oľga Nachtmannová 
264 1 |a Bratislava  |c 2024 
300 |a 59 s. 
100 1 |a Vincencová, Lucia 
700 1 |a Nachtmannová, Oľga, 1963- 
710 2 |a Fakulta podnikového manažmentu EU. Katedra manažmentu